La educación pública y el discurso de la crisis, el poder y el futuro (Record no. 66767)

MARC details
000 -CABECERA
campo de control de longitud fija 00600nam a2200217 a 4500
005 - FECHA Y HORA DE LA ÚLTIMA TRANSACCIÓN
campo de control 20210219153034.0
008 - ELEMENTOS DE LONGITUD FIJA--INFORMACIÓN GENERAL
campo de control de longitud fija 991125n 000 0 spa u
035 ## - NÚMERO DE CONTROL DEL SISTEMA
Número de control de sistema UPN01000074124
100 1# - ASIENTO PRINCIPAL--NOMBRE PERSONAL
Nombre de persona Giroux, Henry A.,
222 ## - TÍTULO CLAVE
Título clave REVISTA DE EDUCACION
245 ## - MENCIÓN DE TÍTULO
Título La educación pública y el discurso de la crisis, el poder y el futuro
300 ## - DESCRIPCIÓN FÍSICA
Extensión 5-24
362 ## - FECHAS DE PUBLICACIÓN Y/O DESIGNACIÓN SECUENCIAL
Fecha de publicación y/o designación secuencial 1984 No. 274 may.-ago.
653 0# - TERMINO DE INDIZACION - NO CONTROLADO
Término no controlado EDUCACION PUBLICA
653 0# - TERMINO DE INDIZACION - NO CONTROLADO
Término no controlado ESCUELA
653 0# - TERMINO DE INDIZACION - NO CONTROLADO
Término no controlado ESTADOS UNIDOS DE AMERICA
653 0# - TERMINO DE INDIZACION - NO CONTROLADO
Término no controlado FILOSOFIA EDUCATIVA
653 0# - TERMINO DE INDIZACION - NO CONTROLADO
Término no controlado MARXISMO
904 ## - ELEMENTOS DE DATOS D LOCAL, LDD (RLIN)
a AC
b 011935
905 ## - TIPO DE MATERIAL
Tipo de material Articulo

No items available.